[Event "CZE-chT2D 2223"]
[Site "Czech Republic"]
[Date "2023.03.05"]
[Round "10.8"]
[White "Cermak, Miroslav"]
[Black "Ruda, Ondrej"]
[Result "1-0"]
[WhiteElo "1825"]
[BlackElo "2019"]
[PlyCount "119"]
[EventDate "2022.10.16"]
[EventType "team-tourn"]
[EventRounds "11"]
[EventCountry "CZE"]
[SourceTitle "EXT 2024"]
[Source "ChessBase"]
[SourceDate "2023.10.10"]
[SourceVersion "1"]
[SourceVersionDate "2023.10.10"]
[SourceQuality "1"]
[WhiteTeam "Rychnov nad Kneznou Panda"]
[BlackTeam "Lipa"]
[WhiteTeamCountry "CZE"]
[BlackTeamCountry "CZE"]

1. d4 d5 2. Bg5 c6 3. e3 Bf5 4. Bd3 Bxd3 5. Qxd3 Nd7 6. Nd2 Ngf6 7. f4 h6 8. Bh4 Qb6 9. Rb1 e6 10. Ngf3 c5 11. c3 Be7 12. 0-0 c4 13. Qe2 Qa6 14. Ne5 b5 15. Nxd7 Kxd7 16. e4 g6 17. Bxf6 Bxf6 18. f5 gxf5 19. exd5 h5 20. Rbd1 Rh6 21. b3 Rc8 22. a4 Qa5 23. b4 Qb6 24. axb5 Qxb5 25. Ra1 Qxd5 26. Rxa7+ Ke8 27. Ra5 Qd8 28. Raxf5 Kf8 29. Rxh5 Bxd4+ 30. cxd4 Qxd4+ 31. Kh1 Rxh5 32. Qxh5 Rc7 33. Qh6+ Ke8 34. Nf3 Qd3 35. Re1 c3 36. Qh8+ Ke7 37. Qe5 Rc4 38. Qg5+ Kf8 39. Ra1 Rc8 40. Ne5 Qf5 41. Qxf5 exf5 42. Rc1 Ke7 43. Nd3 Rc4 44. Kg1 Ke6 45. Kf2 Kd5 46. g3 Kd4 47. Ke2 Rc8 48. Nf4 Kc4 49. b5 Ra8 50. h4 Kb3 51. Nd5 c2 52. Ne3 f4 53. gxf4 Rh8 54. Rxc2 Rxh4 55. Rc4 f5 56. Kd3 Rh3 57. b6 Rh6 58. Nd5 Rh3+ 59. Kd4 Rh1 60. b7 1-0

[Event "Nachod op"]
[Site "Nachod"]
[Date "2012.07.08"]
[Round "9"]
[White "Hastik, Svatopluk"]
[Black "Cermak, Miroslav"]
[Result "1-0"]
[WhiteElo "2034"]
[BlackElo "1920"]
[PlyCount "103"]
[EventDate "2012.06.30"]
[EventType "swiss"]
[EventRounds "9"]
[EventCountry "CZE"]
[SourceTitle "CBM 149 Extra"]
[Source "ChessBase"]
[SourceDate "2012.08.24"]
[SourceVersion "1"]
[SourceVersionDate "2012.08.24"]
[SourceQuality "1"]

1. d4 e6 2. Nf3 b6 3. e4 Bb7 4. Bd3 Be7 5. 0-0 d6 6. c4 Nd7 7. Nc3 h6 8. h3 e5 9. d5 Ngf6 10. Be3 0-0 11. Nd2 Nh7 12. Re1 a6 13. Nf1 Bg5 14. Ng3 g6 15. Qd2 Nc5 16. Bc2 Bc8 17. b4 Nb7 18. Bxg5 Qxg5 19. Qxg5 hxg5 20. Ba4 Rb8 21. Bc6 Nf6 22. a4 Nd8 23. Reb1 Nd7 24. f3 Kg7 25. Nh1 f5 26. Nf2 Rf7 27. Nd3 Nxc6 28. dxc6 Nf6 29. c5 Be6 30. cxd6 cxd6 31. b5 Bc4 32. Nb4 a5 33. Na6 Rc8 34. Rd1 Ne8 35. Nd5 Bxd5 36. Rxd5 Kf6 37. Rc1 Ke6 38. Rcd1 Ke7 39. R5d3 Rf6 40. c7 Kd7 41. Rc3 fxe4 42. fxe4 Rf4 43. Rc4 Nf6 44. Rc6 Nxe4 45. Rxb6 Rf6 46. Rc6 g4 47. Rc4 Nf2 48. Rd2 g3 49. b6 e4 50. b7 e3 51. bxc8Q+ Kxc8 52. Rb2 1-0